Navaratri: when Devi comes home
| Contributors: | ; |
|---|---|
| Format: | Print Book |
| Language: | English |
| Subito Delivery Service: | Order now. |
| Check availability: | HBZ Gateway |
| Interlibrary Loan: | Interlibrary Loan for the Fachinformationsdienste (Specialized Information Services in Germany) |
| Published: |
New Delhi
Rupa Publications India Pvt. Ltd
2021
|
| In: | Year: 2021 |
| Standardized Subjects / Keyword chains: | B
India
/ Navaratri
|
| Further subjects: | B
India
Religion
B Durgā (Hindu deity) Cult (India) B Fasts and feasts Hinduism B Durgā-pūjā (Hindu festival) (India) History |
MARC
| LEADER | 00000cam a2200000 c 4500 | ||
|---|---|---|---|
| 001 | 1784595969 | ||
| 003 | DE-627 | ||
| 005 | 20250922235743.0 | ||
| 007 | tu | ||
| 008 | 220104s2021 ii ||||| 00| ||eng c | ||
| 010 | |a 2020512005 | ||
| 020 | |a 9789355200457 |9 978-93-5520-045-7 | ||
| 035 | |a (DE-627)1784595969 | ||
| 035 | |a (DE-599)KXP1784595969 | ||
| 040 | |a DE-627 |b ger |c DE-627 |e rda | ||
| 041 | |a eng | ||
| 044 | |c XB-IN | ||
| 050 | 0 | |a BL1225.D82 | |
| 084 | |a SUEDASIEN |q DE-16 |2 fid | ||
| 084 | |a 0 |2 ssgn | ||
| 245 | 0 | 0 | |a Navaratri |b when Devi comes home |c edited by Bibek Debroy and Anuradha Goyal |
| 264 | 1 | |a New Delhi |b Rupa Publications India Pvt. Ltd |c 2021 | |
| 300 | |a xxi, 231 Seiten | ||
| 336 | |a Text |b txt |2 rdacontent | ||
| 337 | |a ohne Hilfsmittel zu benutzen |b n |2 rdamedia | ||
| 338 | |a Band |b nc |2 rdacarrier | ||
| 500 | |a Literaturverzeichnis: Seite 221-225 | ||
| 583 | 1 | |a Archivierung/Langzeitarchivierung gewährleistet |f FID |x XA-DE-BW |2 pdager |5 DE-16-77 | |
| 600 | 1 | 0 | |a Durgā |c (Hindu deity) |x Cult |z India |2 DLC |
| 650 | 0 | |a Fasts and feasts |x Hinduism |2 DLC | |
| 650 | 0 | |a Durgā-pūjā (Hindu festival) |z India |x History |2 DLC | |
| 651 | 0 | |a India |x Religion |2 DLC | |
| 689 | 0 | 0 | |d g |0 (DE-588)4026722-2 |0 (DE-627)104585129 |0 (DE-576)208967699 |2 gnd |a Indien |
| 689 | 0 | 1 | |d s |0 (DE-588)4442708-6 |0 (DE-627)224881086 |0 (DE-576)212458876 |2 gnd |a Navaratri |
| 689 | 0 | |5 (DE-627) | |
| 700 | 1 | |e HerausgeberIn |0 (DE-588)130510726 |0 (DE-627)503031232 |0 (DE-576)166577820 |4 edt |a Debroy, Bibek |d 1955- | |
| 700 | 1 | |e HerausgeberIn |0 (DE-588)1289436266 |0 (DE-627)184540677X |4 edt |a Goyal, Anuradha | |
| 935 | |a mteo | ||
| 951 | |a BO | ||
| ELC | |b 1 | ||
| LOK | |0 000 xxxxxcx a22 zn 4500 | ||
| LOK | |0 001 4427008631 | ||
| LOK | |0 003 DE-627 | ||
| LOK | |0 004 1784595969 | ||
| LOK | |0 005 20231219173247 | ||
| LOK | |0 008 231205||||||||||||||||ger||||||| | ||
| LOK | |0 040 |a DE-Tue135 |c DE-627 |d DE-Tue135 | ||
| LOK | |0 092 |o n | ||
| LOK | |0 852 |a DE-Tue135 | ||
| LOK | |0 852 1 |9 00 | ||
| LOK | |0 935 |a hdsa | ||
| LOK | |0 939 |a 05-12-23 |b l01 | ||
| ORI | |a SA-MARC-ixtheoa001.raw | ||
| REL | |a 1 | ||
| STA | 0 | 0 | |a India,India,India,India,India,India,India,India,Southern India,Northeastern India,Northwestern India,Southeastern India,Northern India,Western India,Navaratri |
| STB | 0 | 0 | |a Inde,Navaratri,Navratri,Navratri |
| STC | 0 | 0 | |a India,Navaratri |
| STD | 0 | 0 | |a India,Navaratri,Durga Puja,Durga Puja |
| STE | 0 | 0 | |a 印度,印度圣母节,印度九夜节 |
| STF | 0 | 0 | |a 印度,印度聖母節,印度九夜節 |
| STG | 0 | 0 | |a Navaratri,Índia |
| STH | 0 | 0 | |a Индия (мотив),Наваратри |
| STI | 0 | 0 | |a Ινδία (μοτίβο),Ναβαράτρι |
| SUB | |a REL | ||
| SYG | 0 | 0 | |a India , Bharat,Indische Union,Altindien,Hindustan,Hindostan,Indien,Indie,Indian Union,Bhārata Gaṇarājya,Bhārata,Indien,Republik Indien,Indien,Dominion of India,India,Republic of India,Inde,Indië,Bharata,Indiia,Indland,Hindiston Respublikasi,Satharanarat 'India,Yin-tu , Navaratra,Hinduismus,Durgā-Pūjā,Durga Puja,Durgapuja,Durgapudscha,Dasaĩ,Navratri |
| TIM | |a 100019470815_100020261231 |b 1947-08-15 - 2026 | ||



